| 000 | 00554 a2200169 4500 | ||
|---|---|---|---|
| 003 | OSt | ||
| 005 | 20250610140027.0 | ||
| 008 | 250528b |||||||| |||| 00| 0 eng d | ||
| 020 | _a9789390327560 | ||
| 040 | _coclc | ||
| 082 |
_a354.54 _bIYE/M |
||
| 100 | 0 |
_aParameswaran Iyer _910548 |
|
| 245 |
_aMethod in the Madness: Insights from My Career as an Insider-Outsider-Insider / _cParameswaran Iyer |
||
| 260 |
_a New Delhi: _b HarperCollins India, _c2021 |
||
| 300 | _a244 pages | ||
| 942 |
_2ddc _cBK _h354.54 _iIYE/M _k354.54 _mIYE/M |
||
| 999 |
_c44568 _d44568 |
||